000 00794nam a22002057a 4500
999 _c16854
_d16854
003 AR-CdUCM
008 190506b ||||| |||| 00| 0 spa d
040 _aMUNICIPALIDAD PROVINCIAL DEL CUSCO
_cBIBLIOTECA MUNICIPAL DEL CUSCO
082 _a333.1 /
_bD61
100 _aDelgado, Oscar
_936556
245 _aReformas agrarias en la América Latina /
260 _aMexico :
_bCFE,
_c1965.
300 _a756 páginas ;
_c24 cm.
505 _aLatinoamericano postulados y problemas de su reforma agraria -- Estructura agraria y distribución de sus recursos -- El porque de la reforma agraria -- El poder político como instrumento de reforma --
650 _aReforma agraria.
_91861
650 _aRevolución.
_9844
650 _aAmérica Latina.
_91130
942 _2ddc
_cLIBROS
945 _awfj